LEADER 01496nas 2200409 n 450 001 990009072330403321 005 20240229084307.0 011 $a0506-7294 035 $a000907233 035 $aFED01000907233 035 $a(Aleph)000907233FED01 035 $a000907233 091 $2CNR$aP 00147706 100 $a20090724a19599999km-y0itaa50------ba 101 0 $aeng 102 $aUS 110 $aauu-------- 200 1 $aVergilius [1959] 207 1$a1959- 210 $aEvanston$cVergilian Society 326 $aAnnuale 430 0$12001$a<>Vergilian digest 530 0 $aVergilius [1959] 675 $a34(100-772/-773) 675 $a[342:32*(100-772/-773) 676 $a871.01 712 02$aVergilian Society 801 0$aIT$bACNP$c20090723 859 4 $uhttp://acnp.cib.unibo.it/cgi-ser/start/it/cnr/dc-p1.tcl?catno=79325&person=false&language=ITALIANO&libr=&libr_th=unina1$zBiblioteche che possiedono il periodico 901 $aSE 912 $a990009072330403321 958 $aBRAU. Biblioteca di Ricerca di Area Umanistica$b2006-$ePR-487$fFLFBC 959 $aFLFBC 996 $aVergilius$9786944 997 $aUNINA AP1 8 $6866-01$aNA072 BRAU. Biblioteca di Ricerca di Area Umanistica$bPR-487$ePiazza Bellini 56/60, 80133 Napoli (NA)$m(081) 2533948$nit AP2 40$aacnp.cib.unibo.it$nACNP Italian Union Catalogue of Serials$uhttp://acnp.cib.unibo.it/cgi-ser/start/it/cnr/df-p.tcl?catno=79325&language=ITALIANO&libr=&person=&B=1&libr_th=unina&proposto=NO